| 000 | 00332nam a2200097Ia 4500 | ||
|---|---|---|---|
| 008 | 230915s9999 xx 000 0 und d | ||
| 050 | _aHD 30.28.P43 | ||
| 100 | _aPEARCE II,JOHN A. | ||
| 245 | 0 | _aSTRATEGIC MANAGEMENT: FORMULATION, IMPLEMENTATION AND CONTROL | STRATEGIC MANAGEMENT: FORMULATION, IMPLEMENTATION AND CONTROL | |
| 942 | _cBK | ||
| 999 |
_c75605 _d75605 |
||